Anjing dalam AL-QURAN DAN HADIS / (Record no. 190695)
[ view plain ]
| 000 -LEADER | |
|---|---|
| fixed length control field | 01161nam a2200313 i 4500 |
| 003 - CONTROL NUMBER IDENTIFIER | |
| control field | OSt |
| 005 - DATE AND TIME OF LATEST TRANSACTION | |
| control field | 20230221095151.0 |
| 008 - FIXED-LENGTH DATA ELEMENTS--GENERAL INFORMATION | |
| fixed length control field | 221221t20222022my a gr 000 0cmay d |
| 020 ## - INTERNATIONAL STANDARD BOOK NUMBER | |
| International Standard Book Number | 9789672441168 |
| Terms of availability | RM 29.90 |
| Qualifying information | paperback |
| 040 ## - CATALOGING SOURCE | |
| Original cataloging agency | PPAK |
| Language of cataloging | eng |
| Transcribing agency | PPAK |
| Description conventions | rda |
| 082 04 - DEWEY DECIMAL CLASSIFICATION NUMBER | |
| Edition number | 23 |
| Classification number | 297.122859 |
| 090 00 - LOCALLY ASSIGNED LC-TYPE CALL NUMBER (OCLC); LOCAL CALL NUMBER (RLIN) | |
| Classification number (OCLC) (R) ; Classification number, CALL (RLIN) (NR) | 297.122859 |
| Feature heading | AHM |
| Feature heading | G |
| 100 0# - MAIN ENTRY--PERSONAL NAME | |
| Personal name | Ahmad Shamil Shahrin, |
| Dates associated with a name | 1984- |
| Relator term | author. |
| 245 10 - TITLE STATEMENT | |
| Title | Anjing dalam AL-QURAN DAN HADIS / |
| Statement of responsibility, etc. | AHMAD SHAMIL SHAHRIN ; Ketua Editor Norhaslinda Abd Razak ; Editor Mohamad Hilmi Marjunit |
| 264 #1 - PRODUCTION, PUBLICATION, DISTRIBUTION, MANUFACTURE, AND COPYRIGHT NOTICE | |
| Place of production, publication, distribution, manufacture | Cheras, Wilayah Persekutuan Kuala Lumpur : |
| Name of producer, publisher, distributor, manufacturer | Rimbunan Islamik Media Sdn. Bhd., |
| Date of production, publication, distribution, manufacture, or copyright notice | 2022 |
| Date of production, publication, distribution, manufacture, or copyright notice | ©2022 |
| 300 ## - PHYSICAL DESCRIPTION | |
| Extent | v, 185 pages : |
| Other physical details | illustrations ; |
| Dimensions | 22 cm |
| 336 ## - CONTENT TYPE | |
| Content type term | text |
| Source | rdacontent |
| 337 ## - MEDIA TYPE | |
| Media type term | unmediated |
| Source | rdamedia |
| 338 ## - CARRIER TYPE | |
| Carrier type term | volume |
| Source | rdacarrier |
| 504 ## - BIBLIOGRAPHY, ETC. NOTE | |
| Bibliography, etc. note | Bibliography : pages 179-185 |
| 630 00 - SUBJECT ADDED ENTRY--UNIFORM TITLE | |
| Uniform title | Qur'an |
| General subdivision | Criticism, interpretation, etc |
| 650 10 - SUBJECT ADDED ENTRY--TOPICAL TERM | |
| Topical term or geographic name entry element | Animals in the Qurʼan |
| Topical term or geographic name entry element | Dogs |
| General subdivision | Religious aspects |
| -- | Islam |
| Topical term or geographic name entry element | Hadith |
| General subdivision | Criticism, interpretation, etc |
| 700 0# - ADDED ENTRY--PERSONAL NAME | |
| Personal name | Norhaslinda Abd Razak, |
| Relator term | editor. |
| Personal name | Mohamad Hilmi Marjunit, |
| Relator term | editor. |
| 942 ## - ADDED ENTRY ELEMENTS (KOHA) | |
| Source of classification or shelving scheme | Dewey Decimal Classification |
| Koha item type | Book |
| Withdrawn | Not for loan | Current library | Shelving location | Date acquired | Total Checkouts | Full call number | Barcode | Date last seen | Koha item type | Date last checked out |
|---|---|---|---|---|---|---|---|---|---|---|
| Perpustakaan Alor Setar | Pinjaman Dewasa | 22/02/2023 | 297.122859 AHM | A01770399 | 22/02/2023 | Book | ||||
| Perpustakaan Awam Sungai Petani | Pinjaman Dewasa | 22/02/2023 | 297.122859 AHM | A01770400 | 22/02/2023 | Book | ||||
| Perpustakaan Baling | Pinjaman Dewasa | 22/02/2023 | 297.122859 AHM | A01770404 | 22/02/2023 | Book | ||||
| Perpustakaan Bandar Baharu | Pinjaman Dewasa | 22/02/2023 | 297.122859 AHM | A01770405 | 22/02/2023 | Book | ||||
| Perpustakaan Jitra | Pinjaman Dewasa | 22/02/2023 | 297.122859 AHM | A01770401 | 22/02/2023 | Book | ||||
| Perpustakaan Kuala Nerang | Pinjaman Dewasa | 22/02/2023 | 297.122859 AHM | A01770409 | 22/02/2023 | Book | ||||
| Perpustakaan Kulim | Pinjaman Dewasa | 22/02/2023 | 1 | 297.122859 AHM | A01770403 | 13/04/2025 | Book | 04/03/2025 | ||
| Perpustakaan Langkawi | Pinjaman Dewasa | 22/02/2023 | 1 | 297.122859 AHM | A01770402 | 09/01/2024 | Book | 21/12/2023 | ||
| Perpustakaan Merbok | Pinjaman Dewasa | 22/02/2023 | 297.122859 AHM | A01770406 | 22/02/2023 | Book | ||||
| Perpustakaan Pendang | Pinjaman Dewasa | 22/02/2023 | 297.122859 AHM | A01770410 | 22/02/2023 | Book | ||||
| Perpustakaan Sik | Pinjaman Dewasa | 22/02/2023 | 297.122859 AHM | A01770408 | 22/02/2023 | Book | ||||
| Perpustakaan Yan | Pinjaman Dewasa | 22/02/2023 | 297.122859 AHM | A01770407 | 22/02/2023 | Book |